"Калевала" в творчестве художников: книжная и станковая графика Карелии; альбом

Opis bibliograficzny
Kolejni autorzy: Полякова С. К. (составитель)
Język:rosyjski
Wydane: Петрозаводск, Карелия, 1984
Hasła przedmiotowe:
Format: Książka
KOHA link:https://koha.lib.tpu.ru/cgi-bin/koha/opac-detail.pl?biblionumber=142537

MARC

LEADER 00000nam0a2200000 4500
001 142537
005 20231031142757.0
020 |a RU  |b 85-1026и 
035 |a (RuTPU)RU\TPU\book\154467 
090 |a 142537 
100 |a 20080909d1984 km y0rusy5003 ca 
101 0 |a rus 
102 |a RU 
105 |a a z 000zy 
200 1 |a "Калевала" в творчестве художников  |e книжная и станковая графика Карелии  |e альбом  |f сост. С. К. Полякова 
210 |a Петрозаводск  |c Карелия  |d 1984 
215 |a 119 с.  |c ил., цв. ил. 
610 1 |a книжная графика 
610 1 |a карельская графика 
610 1 |a "Калевала" 
610 1 |a изобразительное искусство 
610 1 |a СССР 
610 1 |a 20 век 
610 1 |a альбомы 
675 |a 76:655(084)  |z rus 
686 |a Ч611.68  |2 rubbk 
702 1 |a Полякова  |b С. К.  |4 220 
801 0 |a RU  |b RuMRKP  |c 19950704  |g psbo 
801 1 |a RU  |b 63413507  |c 20080909  |g PSBO 
801 2 |a RU  |b 63413507  |c 20090723  |g PSBO 
942 |c BK